000 00600nam a2200193Ia 4500
003 GCL
008 140319s9999 xx 000 0 ara d
040 _aGCL /
_cGCL
082 0 4 _a216.2
_bم ا
100 1 _aمحمد جلال كشك
245 1 0 _aالا فى الفتنة سقطوا /
_cمحمد جلال كشك
260 _a[S.N] :
_bمكتبة التراث الاسلامى ،
_c1992
300 _a455 ص
490 _a
650 0 4 _aالاسلام
650 0 4 _aدفع المطاعن عن الاسلام
650 0 4 _aالاسلام والاصلاح الاجتماعى
942 _2ddc
_cBK
999 _c33416
_d33416